Chansons de Bob Marley - Mort subite - Statistiques

Statistiques générales
  • Ce quiz a été pris 1 149 fois
  • Le résultat moyen est 8 sur 11
Answers on the Grid
Answers color-coded by a green-red scale on the quiz's grid according to % correct below.
Could You Be Loved
Three Little Birds
One Love
Stir It Up
Get Up, Stand Up
Is This Love
Jamming
I Shot the Sheriff
Buffalo Soldier
No Woman, No Cry
Redemption Song
Asimbonanga
I'm Still Standing
Gangnam Style
Papaoutai
Praise Jah In The Moonlight
Vive le douanier Rousseau
Here Comes the Sun
Strawberry Fields Forever
Reggae Night
I Can See Clearly Now
Hakuna Matata
Cold Heart
Hooked on a Feeling
 
Statistiques - réponses
Réponse % Correct
No Woman, No Cry
79%
One Love
77%
Is This Love
76%
Could You Be Loved
75%
Get Up, Stand Up
74%
I Shot the Sheriff
68%
Jamming
67%
Three Little Birds
67%
Redemption Song
65%
Buffalo Soldier
64%
Stir It Up
47%
Aucun quiz correspondant
Distribution des résultats
% des personnes avec chaque résultat
Percentile par nombre de réponses
Votre historique - résultats
Vous n’avez pas pris ce quiz